1175 1247 1306 1488 1691 1443 1895 1580 1525 1789 1111 1710 1899 1961 1246 1168 1788 1874 1200 1520 1887 1454 1297 1664 1368 1230 1238 1614 1939 1635 1025 1607 1218 1907 1843 1310 1389 1509 1797 1509 1625 1646 1678 1999 1835 1803 1436 1672 1891 1073 1004 1462 1147 1079 1143 1110 1327 1631 1015 1622 1262 1709 1835 1353 1960 1458 1811 1357 1891 1904 1025 1803 1769 1358 1062 1635 1405 1023 1725 1966 1805 1649 1343 1575 1444 1269 1491 1822 1506 1045 1159 1894 1023 1805 1295 1433 1193 1715 1088 BCNSPRNW ULIB Ver.6.0+V

เปลี่ยนเป็นภาษาไทย

Change to English
 แสดงรายละเอียดบรรณานุกรม
  กลับหน้าหลัก

Brief Record : Get Marc (ISO 2709) : E-mail record : QR code < ปิดหน้าต่าง
LEADER : 00000nam 2200000uu 4500
001    13399127490
003     ULIB
008    200617s2562||||th 000 0 tha d
020    ู^a9786162149368
050  0 ^aนว^bพ726บ
100    ^aพิมพ์อักษรา
245    ^aบัลลังก์ภูสรวง ตอน มนตร์ดาริกา
250    ^aพิมพ์ครั้งที่ 1
260    ^aกรุงเทพฯ :^bณ บ้านวรรณกรรม,^c2562
300    ^a496 หน้า;^b21 ซม.
650    ^aนวนิยาย
945    ^p0^l0^i28396
999    ^aกัณชพร จุลอักษร
รายการนี้ยังไม่มีแท็ก
คุณยังไม่ได้ล็อกอิน คุณสามารถมีกิจกรรมร่วมกับเว็บไซต์ได้ แต่ต้องล็อกอินก่อน ::
  ล็อกอิน

รายการสื่อสารสนเทศ

ลำดับที่ ประเภท เลขเรียก/บาร์โค้ด สถานที่ สถานะ
1. นวนิยาย
นวนิยาย
นว พ726บ ฉ.1 
  Barcode: 28396
ห้องสมุดวิทยาเขตนครสวรรค์
►หนังสือทั่วไป:l:General Books
บนชั้น

รายการใกล้เคียง
    ชื่อเรื่อง [บัลลังก์ภูสรวง ตอน มนตร์ดาริกา]

    ผู้แต่ง [พิมพ์อักษรา]

    หัวเรื่อง [นวนิยาย]

BibComment


ยังไม่เคยถูกคอมเมนท์

คอมเมนท์ทรัพยากรรายการนี้
  คอมเมนท์: บัลลังก์ภูสรวง ต..


 Copyright 2026. Bcnsprnw @Library